000 00674nas a2200241 4500
001 BR6500161
003 BR-BrBNA
005 20231205082217.0
007 ta
008 230509b bl.|||p| |||| 00| 00por d
040 _aBR-BrBNA
_bpor
_cBiblioteca Nacional de Agricultura
041 _a(Pt)
072 _aH60
100 1 _aGoncalves, P.A.
245 1 _aEnsaios com herbicidas na lavoura de arroz no Chile
650 _aErva daninha
650 _aArroz
650 _aHerbicida
650 _aChile
773 0 _tLavoura Arrozeira (Brazil)
_xISSN 0023-9143
_g(Feb 1965), v. 19(215) p. 26
_wBR6500161
909 _a202311
_bLúcia
_c55
_dLúcia Elande
942 _2AGRIS
_n0
_cANA
999 _c89997
_d89997